000 01653nam a22004097a 4500
001 4556864
003 LIBRIS
005 20241220111904.0
008 011211s1996 xxk|||||||||||001 0|eng|c
020 _a0132297582
040 _aeng
_beng
_ckwiu
_deng
041 _aeng
080 _a616-08
_bT-89
245 0 0 _aNursing the patient with cancer /
_cedited by Verena Tschudin.
_b/ by: Prentice Hall
250 _a2nd edition
260 _aLondon
_bPrentice Hall,
_c1996
300 _axvii, 502 p.
_c18 x 24 cm
_bill.
340 _b18 x 24 cm
500 _aPrevious ed.: 1988.
650 7 _aCancer
_xNursing
_2BNB
650 0 _aPatient Care
_9285
653 0 _aპაციენტის მოვლა
653 0 _aონკოლოგიური პაციენტის მოვლა
700 1 _aTschudin, Verena
_4oth
_eEditor
830 0 _aPrentice Hall Nursing Series,
_x99-2311855-X
887 _a{"@id":"4mf6q7mg1tc45jz","modified":"2018-06-04T12:56:13.119+02:00","checksum":"79320677439"}
_2librisxl
887 _a{"@id":"mrxj43ds126z035","modified":"2009-12-14T17:32:03+01:00","checksum":"5261558943"}
_2librisxl
887 _a{"@id":"kpvg21bq4kxcqm8","modified":"2018-06-05T17:26:38.014+02:00","checksum":"-2600447107"}
_2librisxl
887 _a{"@id":"hmvp614n4sn4kw9","modified":"2015-09-25T15:27:13+02:00","checksum":"9776711026"}
_2librisxl
942 _2udc
_cBK
_e2
999 _c696
_d696